<?xml version="1.0" encoding="UTF-8"?>
<marc:record xmlns:marc="http://www.loc.gov/MARC21/slim" type="Bibliographic">
   <marc:leader>00000pam a2200000 c 4500</marc:leader>
   <marc:controlfield tag="001">969281838</marc:controlfield>
   <marc:controlfield tag="003">DE-101</marc:controlfield>
   <marc:controlfield tag="005">20171203152101.0</marc:controlfield>
   <marc:controlfield tag="007">tu</marc:controlfield>
   <marc:controlfield tag="008">031111s2004    gw ||||| |||| 00||||ger  </marc:controlfield>
   <marc:datafield ind1=" " ind2=" " tag="015">
      <marc:subfield code="a">04,B49,0024</marc:subfield>
      <marc:subfield code="z">03,N49,0716</marc:subfield>
      <marc:subfield code="2">dnb</marc:subfield>
   </marc:datafield>
   <marc:datafield ind1="7" ind2=" " tag="016">
      <marc:subfield code="2">DE-101</marc:subfield>
      <marc:subfield code="a">969281838</marc:subfield>
   </marc:datafield>
   <marc:datafield ind1=" " ind2=" " tag="020">
      <marc:subfield code="a">9783935545068</marc:subfield>
      <marc:subfield code="c">kart. : EUR 13.60</marc:subfield>
      <marc:subfield code="9">978-3-935545-06-8</marc:subfield>
   </marc:datafield>
   <marc:datafield ind1=" " ind2=" " tag="020">
      <marc:subfield code="a">3935545061</marc:subfield>
      <marc:subfield code="c">kart. : EUR 13.60</marc:subfield>
      <marc:subfield code="9">3-935545-06-1</marc:subfield>
   </marc:datafield>
   <marc:datafield ind1="3" ind2=" " tag="024">
      <marc:subfield code="a">9783935545068</marc:subfield>
   </marc:datafield>
   <marc:datafield ind1=" " ind2=" " tag="035">
      <marc:subfield code="a">(DE-599)DNB969281838</marc:subfield>
   </marc:datafield>
   <marc:datafield ind1=" " ind2=" " tag="035">
      <marc:subfield code="a">(OCoLC)76561194</marc:subfield>
   </marc:datafield>
   <marc:datafield ind1=" " ind2=" " tag="040">
      <marc:subfield code="a">1245</marc:subfield>
      <marc:subfield code="b">ger</marc:subfield>
      <marc:subfield code="c">DE-101</marc:subfield>
      <marc:subfield code="d">9999</marc:subfield>
   </marc:datafield>
   <marc:datafield ind1=" " ind2=" " tag="041">
      <marc:subfield code="a">ger</marc:subfield>
   </marc:datafield>
   <marc:datafield ind1=" " ind2=" " tag="044">
      <marc:subfield code="c">XA-DE-RP</marc:subfield>
   </marc:datafield>
   <marc:datafield ind1="7" ind2="4" tag="082">
      <marc:subfield code="a">150</marc:subfield>
      <marc:subfield code="q">DE-101</marc:subfield>
      <marc:subfield code="2">22sdnb</marc:subfield>
   </marc:datafield>
   <marc:datafield ind1=" " ind2=" " tag="090">
      <marc:subfield code="a">b</marc:subfield>
   </marc:datafield>
   <marc:datafield ind1="0" ind2="0" tag="245">
      <marc:subfield code="a">Stress lass nach!</marc:subfield>
      <marc:subfield code="b">Gesund bleiben trotz Teilleistungsschwächen - ADHS! ; Stressbewältigung und Salutogenese ; Dokumentation einer Tagung mit Fachleuten, Eltern und Betroffenen 18./19. Oktober 2003 ; mit einem weiteren Beitrag zur Problematik ; [Beiträge der Fachtagung Stress Lass nach!, Kooperationsveranstaltung Bundesvereinigung SeHT SelbständigkeitsHilfe bei Teilleistungsschwächen e.V. und Katholisch Soziales Institut (KSI), Bad Honnef]</marc:subfield>
      <marc:subfield code="c">[Hrsg.: Heidi Herrmann. Beitr. von Jörn-Uwe Droemann ...]</marc:subfield>
   </marc:datafield>
   <marc:datafield ind1=" " ind2="1" tag="264">
      <marc:subfield code="a">Ludwigshafen am Rhein</marc:subfield>
      <marc:subfield code="b">SeHT</marc:subfield>
      <marc:subfield code="c">2004</marc:subfield>
   </marc:datafield>
   <marc:datafield ind1=" " ind2=" " tag="300">
      <marc:subfield code="a">180 S.</marc:subfield>
      <marc:subfield code="c">210 mm x 145 mm</marc:subfield>
   </marc:datafield>
   <marc:datafield ind1=" " ind2=" " tag="336">
      <marc:subfield code="a">Text</marc:subfield>
      <marc:subfield code="b">txt</marc:subfield>
      <marc:subfield code="2">rdacontent</marc:subfield>
   </marc:datafield>
   <marc:datafield ind1=" " ind2=" " tag="337">
      <marc:subfield code="a">ohne Hilfsmittel zu benutzen</marc:subfield>
      <marc:subfield code="b">n</marc:subfield>
      <marc:subfield code="2">rdamedia</marc:subfield>
   </marc:datafield>
   <marc:datafield ind1=" " ind2=" " tag="338">
      <marc:subfield code="a">Band</marc:subfield>
      <marc:subfield code="b">nc</marc:subfield>
      <marc:subfield code="2">rdacarrier</marc:subfield>
   </marc:datafield>
   <marc:datafield ind1="1" ind2=" " tag="490">
      <marc:subfield code="a">Bundesvereinigung SeHT SelbständigkeitsHilfe bei Teilleistungsschwächen e.V.</marc:subfield>
      <marc:subfield code="v">4</marc:subfield>
   </marc:datafield>
   <marc:datafield ind1=" " ind2="7" tag="650">
      <marc:subfield code="0">(DE-588)4014516-5</marc:subfield>
      <marc:subfield code="0">http://d-nb.info/gnd/4014516-5</marc:subfield>
      <marc:subfield code="0">(DE-101)040145166</marc:subfield>
      <marc:subfield code="a">Eltern</marc:subfield>
      <marc:subfield code="2">gnd</marc:subfield>
   </marc:datafield>
   <marc:datafield ind1=" " ind2="7" tag="650">
      <marc:subfield code="0">(DE-588)4030550-8</marc:subfield>
      <marc:subfield code="0">http://d-nb.info/gnd/4030550-8</marc:subfield>
      <marc:subfield code="0">(DE-101)040305503</marc:subfield>
      <marc:subfield code="a">Kind</marc:subfield>
      <marc:subfield code="2">gnd</marc:subfield>
   </marc:datafield>
   <marc:datafield ind1=" " ind2="7" tag="650">
      <marc:subfield code="0">(DE-588)4078188-4</marc:subfield>
      <marc:subfield code="0">http://d-nb.info/gnd/4078188-4</marc:subfield>
      <marc:subfield code="0">(DE-101)040781887</marc:subfield>
      <marc:subfield code="a">Teilleistungsschwäche</marc:subfield>
      <marc:subfield code="2">gnd</marc:subfield>
   </marc:datafield>
   <marc:datafield ind1=" " ind2="7" tag="650">
      <marc:subfield code="0">(DE-588)4202646-5</marc:subfield>
      <marc:subfield code="0">http://d-nb.info/gnd/4202646-5</marc:subfield>
      <marc:subfield code="0">(DE-101)042026466</marc:subfield>
      <marc:subfield code="a">Stressbewältigung</marc:subfield>
      <marc:subfield code="2">gnd</marc:subfield>
   </marc:datafield>
   <marc:datafield ind1=" " ind2=" " tag="653">
      <marc:subfield code="a">(VLB-FS)Gesundheit</marc:subfield>
   </marc:datafield>
   <marc:datafield ind1=" " ind2=" " tag="653">
      <marc:subfield code="a">(VLB-FS)Teilleistungsschwächen</marc:subfield>
   </marc:datafield>
   <marc:datafield ind1=" " ind2=" " tag="653">
      <marc:subfield code="a">(VLB-FS)Stress</marc:subfield>
   </marc:datafield>
   <marc:datafield ind1=" " ind2=" " tag="653">
      <marc:subfield code="a">(VLB-FS)ADHS</marc:subfield>
   </marc:datafield>
   <marc:datafield ind1=" " ind2=" " tag="653">
      <marc:subfield code="a">(VLB-PF)BC: Paperback</marc:subfield>
   </marc:datafield>
   <marc:datafield ind1=" " ind2="7" tag="655">
      <marc:subfield code="0">(DE-588)1071861417</marc:subfield>
      <marc:subfield code="0">http://d-nb.info/gnd/1071861417</marc:subfield>
      <marc:subfield code="0">(DE-101)1071861417</marc:subfield>
      <marc:subfield code="a">Konferenzschrift</marc:subfield>
      <marc:subfield code="y">2003</marc:subfield>
      <marc:subfield code="z">Honnef</marc:subfield>
      <marc:subfield code="2">gnd-content</marc:subfield>
   </marc:datafield>
   <marc:datafield ind1=" " ind2="7" tag="655">
      <marc:subfield code="a">Kongress</marc:subfield>
      <marc:subfield code="z">Honnef &lt;2003&gt;</marc:subfield>
      <marc:subfield code="2">gnd</marc:subfield>
   </marc:datafield>
   <marc:datafield ind1="0" ind2="0" tag="689">
      <marc:subfield code="0">(DE-588)4014516-5</marc:subfield>
      <marc:subfield code="0">http://d-nb.info/gnd/4014516-5</marc:subfield>
      <marc:subfield code="0">(DE-101)040145166</marc:subfield>
      <marc:subfield code="D">s</marc:subfield>
      <marc:subfield code="a">Eltern</marc:subfield>
   </marc:datafield>
   <marc:datafield ind1="0" ind2="1" tag="689">
      <marc:subfield code="0">(DE-588)4030550-8</marc:subfield>
      <marc:subfield code="0">http://d-nb.info/gnd/4030550-8</marc:subfield>
      <marc:subfield code="0">(DE-101)040305503</marc:subfield>
      <marc:subfield code="D">s</marc:subfield>
      <marc:subfield code="a">Kind</marc:subfield>
   </marc:datafield>
   <marc:datafield ind1="0" ind2="2" tag="689">
      <marc:subfield code="0">(DE-588)4078188-4</marc:subfield>
      <marc:subfield code="0">http://d-nb.info/gnd/4078188-4</marc:subfield>
      <marc:subfield code="0">(DE-101)040781887</marc:subfield>
      <marc:subfield code="D">s</marc:subfield>
      <marc:subfield code="a">Teilleistungsschwäche</marc:subfield>
   </marc:datafield>
   <marc:datafield ind1="0" ind2="3" tag="689">
      <marc:subfield code="0">(DE-588)4202646-5</marc:subfield>
      <marc:subfield code="0">http://d-nb.info/gnd/4202646-5</marc:subfield>
      <marc:subfield code="0">(DE-101)042026466</marc:subfield>
      <marc:subfield code="D">s</marc:subfield>
      <marc:subfield code="a">Stressbewältigung</marc:subfield>
   </marc:datafield>
   <marc:datafield ind1="0" ind2="4" tag="689">
      <marc:subfield code="A">f</marc:subfield>
      <marc:subfield code="a">Kongress</marc:subfield>
   </marc:datafield>
   <marc:datafield ind1="0" ind2="5" tag="689">
      <marc:subfield code="A">g</marc:subfield>
      <marc:subfield code="a">Honnef &lt;2003&gt;</marc:subfield>
   </marc:datafield>
   <marc:datafield ind1="0" ind2=" " tag="689">
      <marc:subfield code="5">DE-101</marc:subfield>
      <marc:subfield code="5">DE-101</marc:subfield>
   </marc:datafield>
   <marc:datafield ind1="1" ind2=" " tag="700">
      <marc:subfield code="0">(DE-588)132180200</marc:subfield>
      <marc:subfield code="0">http://d-nb.info/gnd/132180200</marc:subfield>
      <marc:subfield code="0">(DE-101)132180200</marc:subfield>
      <marc:subfield code="a">Herrmann, Heidi</marc:subfield>
      <marc:subfield code="e">Herausgeber</marc:subfield>
      <marc:subfield code="4">edt</marc:subfield>
   </marc:datafield>
   <marc:datafield ind1="2" ind2=" " tag="711">
      <marc:subfield code="0">(DE-588)10089721-6</marc:subfield>
      <marc:subfield code="0">http://d-nb.info/gnd/10089721-6</marc:subfield>
      <marc:subfield code="0">(DE-101)972540571</marc:subfield>
      <marc:subfield code="a">Fachtagung Stress Lass nach</marc:subfield>
      <marc:subfield code="d">2003</marc:subfield>
      <marc:subfield code="c">Honnef</marc:subfield>
      <marc:subfield code="j">Herausgebendes Organ</marc:subfield>
      <marc:subfield code="4">isb</marc:subfield>
   </marc:datafield>
   <marc:datafield ind1="2" ind2=" " tag="810">
      <marc:subfield code="a">Bundesvereinigung Selbständigkeitshilfe bei Teilleistungsschwächen</marc:subfield>
      <marc:subfield code="4">aut</marc:subfield>
      <marc:subfield code="t">Bundesvereinigung SeHT SelbständigkeitsHilfe bei Teilleistungsschwächen e.V.</marc:subfield>
      <marc:subfield code="v">4</marc:subfield>
      <marc:subfield code="w">(DE-101)972541063</marc:subfield>
      <marc:subfield code="w">(DE-600)2282556-3</marc:subfield>
      <marc:subfield code="9">14</marc:subfield>
      <marc:subfield code="7">as</marc:subfield>
   </marc:datafield>
   <marc:datafield ind1=" " ind2=" " tag="850">
      <marc:subfield code="a">DE-101a</marc:subfield>
      <marc:subfield code="a">DE-101b</marc:subfield>
   </marc:datafield>
   <marc:datafield ind1="r" ind2=" " tag="925">
      <marc:subfield code="a">rb</marc:subfield>
   </marc:datafield>
</marc:record>
